000 00458nam a22001577a 4500
005 20240802123216.0
008 240802b |||||||| |||| 00| 0 eng d
041 _aEnglish/Afrikaans
082 _a349 SOU
100 _lEnglish
245 _aSouth African Law Reports: Natal
260 _aJohannesburg:
_bDigma Publications,
_c1909
300 _bliv, 530 pages
_c25 cm.
650 _aLegal practice
_bLaw
942 _cBK
_6ALISON_BN_VRIES
999 _c2398
_d2398